[Event "IODFEM BO Bayerndreier 2018"]
[Site "Bodenmais"]
[Date "2018.08.05"]
[Round "9.2"]
[White "Just, Anita"]
[Black "Cheredzhiyska, Iva"]
[Result "1-0"]
[WhiteElo "1897"]
[BlackElo "1426"]
[PlyCount "117"]
[EventDate "2018.??.??"]
[WhiteTeam "SV Allianz Leipzig"]
[BlackTeam "TV Tegernsee"]

1. e4 e5 2. Nf3 Nc6 3. Bc4 Bc5 4. c3 Nf6 5. d3 O-O 6. Be3 Bxe3 7. fxe3 d5 8.
exd5 Nxd5 9. Qe2 Qd6 10. O-O Nb6 11. Bb3 Be6 12. Bc2 f6 13. Nbd2 Nc8 14. Ne4
Qe7 15. b4 b6 16. d4 exd4 17. exd4 Nd6 18. Rfe1 Bc4 19. Qf2 Qd7 20. Nfd2 Ba6
21. Nxd6 cxd6 22. Bf5 Qc7 23. Be6+ Kh8 24. a4 Nd8 25. Bd5 Bb7 26. Qf3 Rb8 27.
Re3 Nf7 28. Bxb7 Qxb7 29. Qxb7 Rxb7 30. Rae1 d5 31. Re7 Rxe7 32. Rxe7 a5 33.
bxa5 bxa5 34. Ra7 Nh6 35. Rxa5 Rc8 36. Rxd5 Rxc3 37. Rd8+ Ng8 38. a5 Ra3 39.
Nc4 Ra4 40. Nd6 h6 41. Nb7 Kh7 42. Rd7 f5 43. Kf2 Nf6 44. Rd8 Ng4+ 45. Ke2 Ra2+
46. Kd3 Rxg2 47. a6 Ra2 48. Nc5 Ra3+ 49. Kc4 f4 50. Kb4 Ra1 51. Na4 f3 52. a7
f2 53. a8=Q Rb1+ 54. Ka5 Rb5+ 55. Kxb5 f1=Q+ 56. Kb6 Qb1+ 57. Kc7 Qc2+ 58. Qc6
Qxh2+ 59. Kb7 1-0

[Event "IODFEM BO Bayerndreier 2018"]
[Site "Bodenmais"]
[Date "2018.08.05"]
[Round "9.3"]
[White "Stowicek, Yara Mathilda"]
[Black "Rempe, Janne"]
[Result "1-0"]
[WhiteElo "1570"]
[BlackElo "1315"]
[PlyCount "61"]
[EventDate "2018.??.??"]
[WhiteTeam "USV Halle"]
[BlackTeam "SK Doppelbauer Kiel"]

1. e4 d6 2. d4 Nf6 3. Bd3 e5 4. c3 Nbd7 5. f4 Be7 6. Nf3 Ng4 7. O-O exd4 8.
cxd4 Ndf6 9. Nc3 c6 10. Bc2 b5 11. h3 Nh6 12. Ne2 Bd7 13. f5 d5 14. e5 Ne4 15.
g4 Ng5 16. Kg2 Ng8 17. Ng3 Rc8 18. Qe2 c5 19. Bxg5 Bxg5 20. e6 fxe6 21. fxe6
Bc6 22. Ne5 Nh6 23. Nf7 Nxf7 24. Rxf7 g6 25. Raf1 Qd6 26. Rxh7 Rg8 27. Rff7
cxd4 28. Bxg6 Kd8 29. Nf5 Qc5 30. Rd7+ Bxd7 31. Rxd7# 1-0

[Event "IODFEM BO Bayerndreier 2018"]
[Site "Bodenmais"]
[Date "2018.08.05"]
[Round "9.4"]
[White "Weinmann, Helene"]
[Black "Zwetz, Anita"]
[Result "1/2-1/2"]
[WhiteElo "1544"]
[BlackElo "1828"]
[PlyCount "90"]
[EventDate "2018.??.??"]
[WhiteTeam "SV Riegelsberg"]
[BlackTeam "TSV Kareth-Lappersdorf"]

1. d4 d5 2. Nf3 c6 3. c3 Nf6 4. Nbd2 Nbd7 5. e3 Qc7 6. Bd3 e5 7. e4 dxe4 8.
Nxe4 Nxe4 9. Bxe4 exd4 10. Qxd4 Nf6 11. Bd3 Be7 12. O-O O-O 13. Bf4 Qa5 14. Bc2
Rd8 15. Qa4 Qxa4 16. Bxa4 b5 17. Bb3 Bb7 18. Rad1 c5 19. Rxd8+ Rxd8 20. Bd1 h6
21. Be2 b4 22. cxb4 cxb4 23. Rd1 Rc8 24. Rc1 Rxc1+ 25. Bxc1 Bc5 26. Ne5 Ne4 27.
Nd3 Be7 28. Bf3 f5 29. Be3 a5 30. Bd1 Bd5 31. f3 Nf6 32. b3 Bd8 33. Nf4 Bf7 34.
Be2 Bc7 35. Nd3 Nd5 36. Bd2 Nc3 37. Bxc3 bxc3 38. Bd1 Bb6+ 39. Kf1 Bd4 40. Bc2
a4 41. Ke2 Kf8 42. Nc1 axb3 43. Bxb3 Bg6 44. f4 Bg1 45. h3 Bh2 1/2-1/2

[Event "IODFEM BO Bayerndreier 2018"]
[Site "Bodenmais"]
[Date "2018.08.05"]
[Round "9.5"]
[White "Rempe, Mieke"]
[Black "Kühne, Maria"]
[Result "1-0"]
[WhiteElo "1504"]
[BlackElo "1605"]
[PlyCount "91"]
[EventDate "2018.??.??"]
[WhiteTeam "SK Doppelbauer Kiel"]
[BlackTeam "FC Ergolding"]

1. e4 Nc6 2. Nf3 Nf6 3. Nc3 d6 4. h3 e5 5. Bb5 Be7 6. O-O a6 7. Bxc6+ bxc6 8.
Re1 Be6 9. d4 exd4 10. Nxd4 Qd7 11. Qf3 O-O 12. Bf4 c5 13. Nb3 Qc6 14. Rad1
Rfe8 15. Nd5 Rac8 16. Nxe7+ Rxe7 17. Bg5 Bxb3 18. Bxf6 Re6 19. Qg4 g6 20. axb3
Rce8 21. Bc3 Rxe4 22. Rxe4 Qxe4 23. Qxe4 Rxe4 24. Ra1 Kf8 25. Rxa6 Ke7 26. Ra1
Kd7 27. Ba5 Kc6 28. c4 Re7 29. Bc3 Kb6 30. Ra8 Kb7 31. Rh8 h5 32. Rf8 c6 33.
Bf6 Re1+ 34. Kh2 Re2 35. Rxf7+ Ka6 36. Bg7 Re6 37. Rf6 Rxf6 38. Bxf6 d5 39.
cxd5 cxd5 40. Bc3 Kb5 41. Kg3 d4 42. Kf4 d3 43. Ke3 c4 44. b4 Ka4 45. Kd4 Kb5
46. Kd5 1-0

[Event "IODFEM BO Bayerndreier 2018"]
[Site "Bodenmais"]
[Date "2018.08.05"]
[Round "9.6"]
[White "Mohammadi, Sholeh"]
[Black "Lorencova, Vera"]
[Result "0-1"]
[WhiteElo "1158"]
[BlackElo "1862"]
[PlyCount "90"]
[EventDate "2018.??.??"]
[WhiteTeam "SK Marburg"]
[BlackTeam "Czechien"]

1. c4 Nf6 2. d4 c5 3. d5 b5 4. e3 d6 5. Bd3 g6 6. Nd2 Bg7 7. f4 Nbd7 8. Ngf3
Nb6 9. b3 Nfxd5 10. cxd5 Bxa1 11. Bxb5+ Bd7 12. Bc6 Bxc6 13. dxc6 Qc7 14. O-O
Qxc6 15. e4 O-O 16. Ne1 c4 17. Nc2 Bg7 18. Nb4 Qc5+ 19. Kh1 Qxb4 20. f5 cxb3
21. a3 Qa4 22. Nxb3 Qxe4 23. fxg6 hxg6 24. Rf4 Qd5 25. Nd2 Rac8 26. h3 Bh6 27.
Rf2 Nc4 28. Qf3 Qxf3 29. gxf3 Nxd2 30. Bxd2 Bxd2 31. Rxd2 Rc3 32. a4 Rfc8 33.
Rb2 Rc1+ 34. Kg2 R8c2+ 35. Rxc2 Rxc2+ 36. Kg3 d5 37. h4 d4 38. Kg4 d3 39. h5
gxh5+ 40. Kxh5 d2 41. f4 d1=Q+ 42. Kg5 Qd5+ 43. f5 Rf2 44. Kh4 Rg2 45. Kh3 Qf3+
0-1